| 000 | 00716nam a22002297a 4500 | ||
|---|---|---|---|
| 005 | 20250409145406.0 | ||
| 008 | 250408b |||||||| |||| 00| 0 eng d | ||
| 020 | _a978-1841722964 (pbk) | ||
| 037 | _cTB | ||
| 040 |
_aCRL _cCRL |
||
| 041 |
_2eng _aeng |
||
| 084 |
_aS:86 R0 _qCRL |
||
| 100 |
_aMaximilian, Korey _9751949 |
||
| 245 |
_aCounseling and psychotherapy: _btheory and practice |
||
| 260 |
_aNew York, USA: _bLarsen & Keller, _c2020. |
||
| 300 | _aviii, 219p. | ||
| 365 |
_b69.90 _cUSD |
||
| 650 | _aPsychology | ||
| 650 | _aPsychotherapy | ||
| 942 |
_2CC _cTB _hS:86 R0 _n0 |
||
| 999 |
_c1308550 _d1308550 |
||